[Event "CZE-chT1a"]
[Site "?"]
[Date "1995.??.??"]
[Round "?"]
[White "Hrbolka, Ladislav"]
[Black "Vacek, Martin"]
[Result "1/2-1/2"]
[WhiteElo "2255"]
[BlackElo "2210"]

1.d4 Nf6 2.c4 g6 3.Nc3 Bg7 4.e4 d6 5.Nf3 O-O 6.Be2 e5 7.O-O Nc6 8.d5 Ne7
9.Ne1 c5 10.Nd3 Nd7 11.f4 f5 12.fxe5 Nxe5 13.Nf4 Ng4 14.Bxg4 Bd4+ 15.Kh1 fxg4
16.Ne6 Bxe6 17.dxe6 Rxf1+ 18.Qxf1 Qf8 19.Bg5 Qxf1+ 20.Rxf1 Rf8 21.Rd1 Bf6
22.Bh6 Bg7 23.Bxg7 Kxg7 24.Kg1 Nc8 25.e5 dxe5 26.Rd7+ Kf6 27.Ne4+ Kxe6 28.Nxc5+ Kf5
29.Rxb7 Nd6 30.Rxa7 Nxc4 31.b3 Ne3 32.Rxh7 g5 33.Rg7 Rc8 34.b4 Nc2 35.Rf7+ Kg6
36.Re7 Rd8 37.Rxe5 Rd1+ 38.Kf2 Nxb4 39.Kg3 Kh5 40.Ne4 Rd3+ 41.Kf2 Ra3 42.Rxg5+ Kh6
43.Rxg4 Nd3+ 44.Kg1 Rxa2 45.h4 Ra4 46.g3 Ne5 47.Rf4 Ng6  1/2-1/2

[Event "CZE-chT1c 9495"]
[Site "?"]
[Date "1995.??.??"]
[Round "3"]
[White "Frolik, Martin"]
[Black "Petrzelka, Josef"]
[Result "1-0"]
[WhiteElo "2240"]
[BlackElo "2185"]

1.d4 Nf6 2.Nf3 g6 3.c4 Bg7 4.Nc3 O-O 5.e4 d6 6.Be2 e5 7.O-O Nc6 8.d5 Ne7
9.Nd2 c5 10.a3 Ne8 11.b4 b6 12.Nb3 f5 13.f3 Nf6 14.Bd2 Rf7 15.Qc2 f4 16.bxc5 bxc5
17.Nb5 g5 18.Ba5 Qd7 19.Nc7 Rb8 20.Rab1 Bb7 21.Ne6 Ne8 22.Nxg5 Rf6 23.Ne6 Ng6
24.Nd2 Ra8 25.Qb3 Ba6 26.Bd1 Nf8 27.Qa4 Rf7 28.Qxd7 Rxd7 29.Ba4 Rb7 30.Rxb7 Bxb7
31.Nd8 Ba6 32.Bxe8 Bf6 33.Bc6 Rxd8 34.Bxd8 Bxd8 35.Bb5 Bc8 36.Kf2 Kf7 37.Rb1 Ke7
38.Ke2 h5 39.Bc6 Bb6 40.Bb5 h4 41.Rg1 Ng6 42.Nb3 Bd8 43.Nc1 Kf7 44.Kd3 Be7
45.Ne2 Bd8 46.Bc6 Ke7 47.Nc3 Nf8 48.Rb1 Bb6 49.a4 Bc7 50.Bb7 Bd7 51.Nb5 Bb8
52.Ba6 Nh7 53.Nxa7 Bc7 54.Bb5 Ng5 55.Bxd7 Kxd7 56.h3  1-0

[Event "CZE-chT1c 9495"]
[Site "?"]
[Date "1995.??.??"]
[Round "6"]
[White "Chytilek, Roman"]
[Black "Manik, Mikulas"]
[Result "0-1"]
[WhiteElo "2315"]
[BlackElo "2380"]

1.d4 Nf6 2.Nf3 g6 3.c4 Bg7 4.Nc3 d6 5.e4 O-O 6.Be2 e5 7.O-O Nc6 8.d5 Ne7
9.Nd2 Nd7 10.b4 f5 11.Qc2 f4 12.Bg4 h5 13.Be6+ Kh7 14.f3 Nf6 15.Bxc8 Rxc8
16.c5 c6 17.Nc4 dxc5 18.d6 Neg8 19.bxc5 Nd7 20.Rb1 b5 21.cxb6 axb6 22.a4 Nh6
23.Ba3 g5 24.Rb2 Rf6 25.Rfb1 Nf7 26.Nxb6 Nxb6 27.Rxb6 Nxd6 28.Qe2 Nb5 29.R6xb5 cxb5
30.Nd5 Rfc6 31.axb5 Rc2 32.Qd1 Bf8 33.Bb2 Bc5+ 34.Kh1 Be3 35.b6 Rxb2 36.Rxb2 Rc1
37.Qxc1 Bxc1 38.Rc2 Be3 39.Rc7+ Kg6 40.b7 Ba7 41.h3 g4 42.Rc6+ Kg5 43.Ra6 Qb8
44.Ne7 Qe8 45.Nf5 h4 46.hxg4 Bb8 47.Ng7 Qh8 48.Ne6+ Kg6 49.Rc6 h3 50.Rc8 Qh4  0-1

[Event "CZE-chT2a 9596"]
[Site "CZE"]
[Date "1995.??.??"]
[Round "?"]
[White "Kozak, Milos"]
[Black "Kolin, Julius"]
[Result "1-0"]
[WhiteElo "2300"]
[BlackElo "2255"]

1.d4 d6 2.c4 Nf6 3.Nc3 g6 4.e4 Bg7 5.Nf3 O-O 6.Be2 e5 7.O-O Nc6 8.d5 Ne7
9.Ne1 Nd7 10.Be3 f5 11.f3 f4 12.Bf2 a5 13.Nd3 b6 14.a3 g5 15.b4 h5 16.c5 Nf6
17.cxd6 cxd6 18.Na4 Rb8 19.bxa5 bxa5 20.Rb1 Bd7 21.Rxb8 Qxb8 22.Nb6 Be8 23.Nc4 g4
24.Qb1 Qd8 25.Qb6 Bg6 26.Qxd6 Nd7 27.Nc5 g3 28.hxg3 fxg3 29.Bxg3 Nxc5 30.Qxc5  1-0

[Event "CZE-chT1 9596"]
[Site "CZE"]
[Date "1995.??.??"]
[Round "?"]
[White "Vybiral, Zdenek"]
[Black "Jedlicka, Ales"]
[Result "1-0"]
[WhiteElo "2170"]
[BlackElo "2190"]

1.d4 Nf6 2.c4 g6 3.Nc3 Bg7 4.e4 d6 5.Be2 O-O 6.Nf3 e5 7.O-O Nc6 8.d5 Ne7
9.Ne1 Nd7 10.Be3 f5 11.f3 f4 12.Bf2 g5 13.a4 Ng6 14.a5 a6 15.b4 Nf6 16.b5 h5
17.b6 g4 18.bxc7 Qxc7 19.Bb6 Qe7 20.c5 g3 21.cxd6 Qxd6 22.Kh1 Nd7 23.Bg1 gxh2
24.Bf2 Bf6 25.Nd3 Bh4 26.Qe1 Bxf2 27.Qxf2 Rf7 28.Rfc1 Rg7 29.Bf1 Qf6 30.Na4 Nh4
31.Ne1 Ng6 32.Rc4 Qd8 33.Qd2 b5 34.axb6 Nxb6 35.Qa5 Rb8 36.Nxb6 Qh4 37.Qd2  1-0

[Event "CZE-chT1 9596"]
[Site "CZE"]
[Date "1995.??.??"]
[Round "?"]
[White "Vybiral, Zdenek"]
[Black "Illetsko, Jaroslav"]
[Result "1-0"]
[WhiteElo "2170"]
[BlackElo "2240"]

1.d4 Nf6 2.c4 g6 3.Nc3 Bg7 4.e4 d6 5.Be2 O-O 6.Nf3 e5 7.O-O Nc6 8.d5 Ne7
9.Ne1 Nd7 10.Be3 f5 11.f3 f4 12.Bf2 g5 13.a4 Nf6 14.a5 Rf7 15.c5 Ng6 16.cxd6 cxd6
17.Nb5 g4 18.Bxa7 g3 19.Bb6 gxh2+ 20.Kxh2 Qe7 21.Rh1 Ne8 22.Rc1 Qg5 23.Kg1 Bf8
24.Rc3 Rg7 25.Qc2 Ne7 26.Na7 Bd7 27.Bb5 Ng6 28.Bxd7 Rxd7 29.Rc8 Rxc8 30.Qxc8 Nf6
31.Nb5 Ne7 32.Qc2 Ne8 33.Kf1 h6 34.Nd3 Kh7 35.b4 Qg6 36.Qc4 Nf6 37.Nc7 Nh5
38.Rh3 Ng3+ 39.Kf2 Bg7 40.Ne6 Qf6 41.Qb5 Nc6 42.a6  1-0

[Event "DEN-chT9596"]
[Site "DEN"]
[Date "1995.??.??"]
[Round "2"]
[White "Nielsen, Peter Heine"]
[Black "Borge, Nikolaj"]
[Result "1/2-1/2"]
[WhiteElo "2500"]
[BlackElo "2405"]

1.d4 Nf6 2.Nf3 g6 3.c4 Bg7 4.Nc3 d6 5.e4 O-O 6.Be2 e5 7.O-O Nc6 8.d5 Ne7
9.Ne1 Ne8 10.f4 c6 11.fxe5 Bxe5 12.Kh1 cxd5 13.cxd5 Bg7 14.Nf3 Qb6 15.Bc4 Bg4
16.Qe2 Rc8 17.Bg5 Nf6 18.Bb3 h6 19.Be3 Qa5 20.Qd2 Kh7 21.Bd4 Nd7 22.Bxg7 Kxg7
23.Qf4 Bxf3 24.Qxd6 Bxg2+ 25.Kxg2 Qd8 26.e5 Nf5 27.Rxf5 gxf5 28.Kh1 Rxc3
29.Rg1+ Kh7 30.bxc3 Qh4  1/2-1/2

[Event "DEN-chT9596"]
[Site "DEN"]
[Date "1995.??.??"]
[Round "3"]
[White "Jensen, Jacob Bjerre"]
[Black "Stewart, Tanya"]
[Result "1-0"]
[WhiteElo "2220"]
[BlackElo "2050"]

1.d4 Nf6 2.c4 g6 3.Nc3 Bg7 4.e4 d6 5.Be2 O-O 6.Nf3 e5 7.O-O Nc6 8.d5 Ne7
9.Ne1 Ne8 10.Nd3 f5 11.Bd2 fxe4 12.Nxe4 Nf5 13.f4 exf4 14.Rxf4 Nf6 15.Bc3 Nxe4
16.Rxe4 Bxc3 17.bxc3 Re8 18.Nf2 Bd7 19.Qd2 Rxe4 20.Nxe4 Qe7 21.Bd3 Re8 22.Rf1 Rf8
23.Re1 Re8 24.Qf2 Kg7 25.Qxa7 Qh4 26.Qf2 Qxf2+ 27.Kxf2 Nh6 28.h3 b6 29.Ng5 Rxe1
30.Kxe1 Nf7 31.Nf3 h6 32.Kd2 Kf6 33.Nd4 Ne5 34.Be2 g5 35.Kc2 Ke7 36.Kb3 Ng6
37.Bg4 Bxg4 38.hxg4 Ne5 39.Nf5+ Kf6 40.Ne3 Nd7 41.Kb4 Ne5 42.a4 Kf7 43.a5 bxa5+
44.Kxa5 Ke7 45.Kb5 Kd7 46.c5 dxc5 47.Kxc5 Nd3+ 48.Kd4 Nf4 49.Ke5 c6 50.dxc6+ Kxc6
51.Kf6 Ne2 52.c4 Nc3 53.Kg6 Ne4 54.Nf5 Kc5 55.Nxh6 Kxc4 56.Nf7 Kd4 57.Nxg5 Nf2
58.Kf5 Ke3 59.g3 Nh1 60.Ne4 Kf3 61.g5  1-0

[Event "Dhaka"]
[Site "Dhaka"]
[Date "1995.??.??"]
[Round "2"]
[White "Rahman, Ziaur"]
[Black "Hebden, Mark"]
[Result "0-1"]
[WhiteElo "2445"]
[BlackElo "2550"]

1.c4 g6 2.Nf3 Bg7 3.Nc3 Nf6 4.e4 d6 5.d4 O-O 6.Be2 e5 7.O-O Nc6 8.d5 Ne7
9.b4 Kh8 10.c5 Neg8 11.a4 Nh5 12.Nd2 Nf4 13.Nc4 f5 14.Bf3 Nf6 15.Bxf4 exf4
16.exf5 Bxf5 17.Rc1 dxc5 18.bxc5 Nd7 19.Nb5 Nxc5 20.Na5 c6 21.Rxc5 Qxa5 22.dxc6 bxc6
23.Bxc6 Rad8 24.Qc1 Bd3 25.Re1 Qb4 26.Rd5 Rxd5 27.Bxd5 Bc2 28.Re6 Bxa4 29.Nc7 Rc8
30.h4 Bd7 31.Re4 Qd6 32.Rc4 Rf8 33.Bf3 a5 34.Nd5 a4 35.Rxf4 a3 36.Rxf8+ Qxf8
37.Qc4 Be6 38.Bd1 Qf5 39.Bb3 Qb1+ 40.Kh2 Qb2 41.Qa4 Bg8 42.f3 Bd4 43.Kh3 Be6+
44.g4 Bf7 45.Ne7 Be5 46.Nxg6+ hxg6  0-1

[Event "Dhaka"]
[Site "Dhaka"]
[Date "1995.??.??"]
[Round "7"]
[White "Rahman, Ziaur"]
[Black "Conquest, Stuart"]
[Result "1-0"]
[WhiteElo "2445"]
[BlackElo "2520"]

1.c4 g6 2.Nf3 Bg7 3.Nc3 d6 4.d4 Nf6 5.e4 O-O 6.Be2 e5 7.O-O Nc6 8.d5 Ne7
9.b4 Nh5 10.Qb3 Nf4 11.Bxf4 exf4 12.c5 Bg4 13.Rac1 h5 14.Rfd1 Bxf3 15.Bxf3 Be5
16.Nb5 Kg7 17.Na3 Ng8 18.Nc4 Re8 19.Be2 Nf6 20.f3 g5 21.a4 Qe7 22.a5 Rad8
23.Rd2 g4 24.a6 b6 25.cxb6 cxb6 26.Na3 Rg8 27.Nb5 gxf3 28.gxf3 Kh6+ 29.Kh1 Nh7
30.Bf1 Rg7 31.Rdc2 Rdg8 32.Rg2 Qh4 33.Rxg7 Rxg7 34.Qc2 f5 35.exf5 Nf6 36.Nc7 Bd4
37.Bg2 Bf2 38.Ne6 Bg3 39.h3 Rg8 40.Qd2 Nd7 41.Rc6 Ne5 42.Rc7 Nxf3 43.Qc3 Ne5
44.f6 f3 45.Qe3+ Kg6 46.f7 fxg2+ 47.Kxg2 Nxf7 48.Qxg3+ Qxg3+ 49.Kxg3 Kf5+
50.Kf2 Ne5 51.Rxa7 Nd3+ 52.Ke3 Nxb4 53.Kd4 Nc2+ 54.Kd3 Na3 55.Nd4+ Kf6 56.Rc7 Rg3+
57.Ke2 Rg2+ 58.Kf3 Ra2 59.a7 Nb1 60.Nb5 Nd2+ 61.Ke3  1-0

[Event "Arabian ch"]
[Site "Dubai"]
[Date "1995.??.??"]
[Round "?"]
[White "Kaabi, Mejdi"]
[Black "Hamdouchi, Hichem"]
[Result "1/2-1/2"]
[WhiteElo "2370"]
[BlackElo "2555"]

1.d4 Nf6 2.c4 g6 3.Nc3 Bg7 4.e4 d6 5.Nf3 O-O 6.Be2 e5 7.O-O Nc6 8.d5 Ne7
9.b4 a5 10.Ba3 axb4 11.Bxb4 b6 12.a4 Ne8 13.Nb5 f5 14.exf5 Nxf5 15.Ra3 Bd7
16.Re1 Bh6 17.Bf1 Nf6  1/2-1/2

[Event "Arabian ch"]
[Site "Dubai"]
[Date "1995.??.??"]
[Round "?"]
[White "Abdul Wahab, A Rasheed"]
[Black "Al Modiahki, Mohamad"]
[Result "0-1"]
[WhiteElo "2410"]
[BlackElo "2360"]

1.d4 Nf6 2.c4 g6 3.Nc3 Bg7 4.e4 d6 5.Nf3 O-O 6.Be2 e5 7.O-O Nc6 8.d5 Ne7
9.Ne1 Ne8 10.f3 f5 11.g4 Kh8 12.h4 Ng8 13.Ng2 Nh6 14.Bg5 Qd7 15.Qd2 Nf7 16.Be3 Nf6
17.exf5 gxf5 18.g5 f4 19.gxf6 Bxf6 20.Ne4 fxe3 21.Qxe3 Bg7 22.Bd3 Qe7 23.Ng3 Nh6
24.Qe4 Bf6 25.Qe3 Bxh4 26.Qxh6 Bxg3 27.Bxh7 Qg7 28.Qxg7+ Kxg7 29.Be4 Bh3
30.Rfd1 Kf6 31.Rac1 Rh8 32.Ne3 Rag8 33.Ng4+ Bxg4 34.fxg4 Rxg4 35.Bf3 Rg5
36.Rc2 Bf2+ 37.Kf1 Bd4 38.Rg2 Rh3 39.Ke2 Rxg2+ 40.Bxg2 Re3+ 41.Kd2 Rg3 42.Rf1+ Ke7
43.Bf3 Bxb2 44.Ke3 Bd4+ 45.Ke4 Rh3 46.Rh1 Rxh1 47.Bxh1 c6 48.Bf3 Kd7 49.Bg4+ Kc7
50.Be6 Kb6 51.Bc8 Bc5 52.Kd3 cxd5 53.cxd5 Kc7 54.Bf5 b5 55.Bg4 Kb6 56.Bd7 Bf2
57.Bc6 Kc5 58.Bb7 a5 59.Bc6 Kb4 60.Be8 Kc5 61.Bc6 Kb4 62.Bd7 Bc5 63.Bc6 Ka3
64.Bxb5 Kxa2 65.Kc2 Bd4 66.Bc4+ Ka3 67.Bb5 Kb4 68.Bd7 a4 69.Bg4 a3 70.Kb1 Kc4
71.Bf3 Kd3  0-1

[Event "Dublin"]
[Site "Dublin"]
[Date "1995.??.??"]
[Round "6"]
[White "Kelly, Bryan"]
[Black "Daly, Colm"]
[Result "1-0"]
[WhiteElo "2210"]
[BlackElo "2210"]

1.c4 g6 2.Nc3 Bg7 3.d4 Nf6 4.e4 d6 5.Nf3 O-O 6.Be2 e5 7.O-O Nc6 8.d5 Ne7
9.Ne1 Ne8 10.Be3 f5 11.f3 c5 12.Nd3 f4 13.Bd2 h5 14.a3 g5 15.b4 b6 16.Rb1 Nf6
17.Nf2 Ng6 18.h3 Kh8 19.bxc5 bxc5 20.Qa4 Bd7 21.Qa6 Rg8 22.Qxd6 Bf8 23.Qa6 g4
24.fxg4 Nh4 25.Nd3 Qe7 26.Be1 Nh7 27.Rb7 Rd8 28.Na4 Ng5 29.Nxe5 Nxe4 30.Nxd7 Rxd7
31.Rxd7 Qxd7 32.Bxh4 Bg7 33.Rxf4 Bd4+ 34.Kh1 Nd6 35.Bf6+ Rg7 36.Bxd4 cxd4
37.c5 Nf7 38.Rxd4 Qe7 39.Qe6 Qh4 40.Qe8+ Rg8 41.Qxf7  1-0

[Event "Eger Cup"]
[Site "Eger"]
[Date "1995.??.??"]
[Round "?"]
[White "Zimmerman, Yuri"]
[Black "Seres, Lajos"]
[Result "1/2-1/2"]
[WhiteElo "2335"]
[BlackElo "2430"]

1.d4 Nf6 2.c4 g6 3.Nc3 Bg7 4.e4 d6 5.Be2 O-O 6.Nf3 e5 7.O-O Nc6 8.d5 Ne7
9.Ne1 Nd7 10.f3 f5 11.Be3 f4 12.Bf2 h5 13.a4 g5 14.a5 Nf6 15.c5 g4 16.cxd6 cxd6
17.Nb5 g3 18.Bxa7 Ng6 19.Bb6 Qe7 20.Kh1 Nh7 21.Nc7 Rb8 22.Ne6 Rf7 23.Rc1 Nhf8
24.Nd3 Nxe6 25.dxe6 Bxe6 26.Nb4 Bf8 27.Bc4 Bxc4 28.Rxc4 Qe6 29.Qd5 Qxd5 30.Nxd5 Ne7
31.b4 Nxd5 32.exd5 Be7 33.Rfc1 Rff8 34.Bc7 Ra8 35.Kg1 Rfc8 36.hxg3 fxg3 37.Kf1 Kf7
38.Ke2 h4 39.f4 exf4 40.Rxf4+ Kg6 41.Rfc4 Rf8 42.Bb6 Bg5 43.R1c2 Rae8+ 44.Kd3 Rf5
45.Rd4 h3 46.gxh3 Rf3+ 47.Kc4 Rc8+ 48.Bc5  1/2-1/2

[Event "RUS-ch"]
[Site "Elista"]
[Date "1995.??.??"]
[Round "6"]
[White "Ulibin, Mikhail"]
[Black "Iskusnyh, Sergei"]
[Result "1-0"]
[WhiteElo "2545"]
[BlackElo "2430"]

1.d4 Nf6 2.c4 g6 3.Nc3 Bg7 4.e4 d6 5.Nf3 O-O 6.Be2 e5 7.O-O Nc6 8.d5 Ne7
9.Nd2 a5 10.a3 Nd7 11.Rb1 f5 12.b4 Kh8 13.Qc2 Ng8 14.exf5 gxf5 15.f4 axb4
16.axb4 exf4 17.Nf3 Ndf6 18.Bd3 Nh5 19.Ne2 Ngf6 20.Bxf5 Bxf5 21.Qxf5 Qd7
22.Qxd7 Nxd7 23.Ned4 Nb6 24.Ne6 Nxc4 25.Nxf8 Rxf8 26.b5 Rf5 27.Re1 Nf6 28.Rb4 Nb6
29.Rxf4 Rxf4 30.Bxf4 Nbxd5 31.Bd2 Kg8 32.Ng5 c6 33.Ra1 Nb6 34.Ra7 d5 35.Rxb7 Nfd7
36.Ne6 Be5 37.Ba5 Nc4 38.Rxd7 Nxa5 39.b6 c5 40.b7 Nc6 41.Rc7  1-0

[Event "FIN-chT"]
[Site "FIN"]
[Date "1995.??.??"]
[Round "?"]
[White "Kiviaho, Allan"]
[Black "Kiltti, Jyrki"]
[Result "1-0"]
[WhiteElo "2240"]
[BlackElo "2225"]

1.d4 Nf6 2.c4 g6 3.Nc3 Bg7 4.e4 d6 5.Nf3 O-O 6.Be2 e5 7.O-O Nc6 8.d5 Ne7
9.Nd2 a5 10.Rb1 Ne8 11.a3 f5 12.b4 Kh8 13.f3 Ng8 14.c5 Ngf6 15.Nc4 axb4 16.axb4 Nh5
17.Be3 Nf4 18.Kh1 Nxe2 19.Qxe2 Nf6 20.b5 Nh5 21.b6 f4 22.Bf2 dxc5 23.bxc7 Qxc7
24.Rb5 Qd8 25.Rfb1 Qg5 26.Rxc5 Ng3+ 27.hxg3 fxg3 28.Bxg3 Qxg3 29.Nb6 Rb8
30.Qe1 Qg5 31.Nb5 Qh5+ 32.Kg1 Rd8 33.Qc3 Bd7 34.Nd6 Be8 35.Nxe8 Rxe8 36.d6 Bh6
37.d7 Bf4 38.dxe8=Q+ Rxe8 39.g3 Qg5 40.Kf1 Qxg3 41.Rb2 Qh3+ 42.Kg1 Kg7 43.Rg2 Kh6
44.Nd5 Rd8 45.Nxf4 Rd1+ 46.Kf2 Qh1 47.Ne2 g5 48.Ng3 Qh3 49.Rd5 Rxd5 50.exd5  1-0

[Event "Finkenstein op"]
[Site "Finkenstein"]
[Date "1995.??.??"]
[Round "9"]
[White "Koch, Wolfgang Max"]
[Black "Podkriznik, Gregor"]
[Result "1/2-1/2"]
[WhiteElo "2315"]
[BlackElo "2210"]

1.d4 Nf6 2.Nf3 g6 3.c4 Bg7 4.Nc3 O-O 5.e4 d6 6.Be2 e5 7.O-O Nc6 8.d5 Ne7
9.Nd2 a5 10.a3 Bd7 11.Ra2 Ne8 12.b4 axb4 13.axb4 Rxa2 14.Nxa2 f5 15.c5 Bh6
16.Nc3 fxe4 17.Ndxe4 Bxc1 18.Qxc1 Nf5 19.Bc4 Nd4 20.c6 Bc8 21.Qa3 b6 22.Qa8 Nf6
23.f3 Nh5 24.Ba6 Bxa6 25.Qxa6 Nf4 26.Qa2 Qe7 27.Qd2 Qf7 28.Qd1 Ra8 29.Qd2 Kg7
30.Ng5  1/2-1/2

[Event "Foment op"]
[Site "Foment"]
[Date "1995.??.??"]
[Round "7"]
[White "Oms Pallise, Josep"]
[Black "Gonzalez Velez, Fermin"]
[Result "1-0"]
[WhiteElo "2340"]
[BlackElo "2405"]

1.Nf3 Nf6 2.c4 g6 3.Nc3 Bg7 4.e4 d6 5.d4 O-O 6.Be2 e5 7.O-O Nc6 8.d5 Ne7
9.Nd2 Nd7 10.b4 f5 11.c5 Nf6 12.f3 Bh6 13.Nc4 Bxc1 14.Qxc1 f4 15.b5 Nd7 16.Na4 dxc5
17.Qb2 g5 18.Nxe5 Nxe5 19.Qxe5 Ng6 20.Qc3 b6 21.Nb2 g4 22.fxg4 Qe7 23.Nc4 Bd7
24.a4 Qxe4 25.Bf3 Qd4+ 26.Qxd4 cxd4 27.Rad1 a6 28.d6 Ra7 29.bxa6 Bxa4 30.Bb7 Bxd1
31.Rxd1 c5 32.Nxb6 Rd8 33.Nc8 Rxc8 34.Bxc8 Nf8 35.Rc1 Nd7 36.Bxd7  1-0

[Event "FRA-chT"]
[Site "FRA"]
[Date "1995.??.??"]
[Round "?"]
[White "Chabanon, Jean Luc"]
[Black "Gachon, Lionel"]
[Result "1-0"]
[WhiteElo "2445"]
[BlackElo "2280"]

1.d4 Nf6 2.c4 g6 3.Nc3 Bg7 4.e4 d6 5.Nf3 O-O 6.Be2 e5 7.O-O Nc6 8.d5 Ne7
9.Nd2 a5 10.a3 Bd7 11.b3 Ne8 12.Bb2 f5 13.b4 Nf6 14.c5 g5 15.Nc4 axb4 16.axb4 Rxa1
17.Qxa1 Ne8 18.Qa7 Ng6 19.exf5 Bxf5 20.Ne3 Bc8 21.Ne4 Rf4 22.f3 g4 23.g3 gxf3
24.Bxf3 Rf8 25.Qb8 Nf6 26.cxd6 Nxe4 27.Bxe4 cxd6 28.Rxf8+ Bxf8 29.Qa7 Bh6
30.Nf5 Bxf5 31.Bxf5 Qf8 32.Be6+ Kh8 33.Qf2 Qe7 34.h4 Nf8 35.Bf5 Kg8 36.Kg2 Qc7
37.Qf3 Qe7 38.Qg4+ Kh8 39.b5 Be3 40.Be4 Bc5 41.Bc1 Qf6 42.Bf5 Qf7 43.Qf3 Kg7
44.Bc8 b6 45.Bh6+ Kg8 46.Qxf7+ Kxf7 47.Kf3 Bg1 48.h5 Bc5 49.g4 Ba3 50.Ke4 Bb4
51.Be3 Ba5 52.Kf5 Kg7 53.g5 Kf7 54.Bf2 Kg7 55.Be6  1-0

[Event "Frydek-Mistek op-B"]
[Site "Frydek-Mistek"]
[Date "1995.??.??"]
[Round "?"]
[White "Frolik, Martin"]
[Black "Lybin, Dmitry"]
[Result "0-1"]
[WhiteElo "2240"]
[BlackElo "2360"]

1.d4 g6 2.Nf3 Bg7 3.c4 d6 4.Nc3 Nf6 5.e4 O-O 6.Be2 e5 7.O-O Nc6 8.d5 Ne7
9.Nd2 a5 10.a3 Nd7 11.Rb1 f5 12.b4 Kh8 13.Qc2 Ng8 14.f3 Bh6 15.Nb3 axb4 16.axb4 Ndf6
17.c5 Nh5 18.Nb5 Bxc1 19.Rbxc1 Nf4 20.Bd3 Ra4 21.Rfd1 fxe4 22.fxe4 Rxb4 23.Bc4 Nh3+
24.gxh3 Rxc4 25.Qxc4 Qg5+ 26.Kh1 Rf2 27.Rg1 Qf4 28.Rg3 Nf6 29.Nc3 Nh5 30.Qd3 Nxg3+
31.Qxg3 Rf1+ 32.Kg2 Bxh3+ 33.Kxh3 Rf3 34.Kg2 Rxg3+ 35.hxg3 Qe3 36.cxd6 cxd6
37.Kh3 h5 38.Kg2 b5 39.Nxb5 Qe2+ 40.Kg1 Qxb5 41.Nd2 Qd3 42.Nf1 Qxe4 43.Rd1 h4
44.Kf2 h3 45.Rd2 Qg2+ 46.Ke1 e4 47.Rf2 e3 48.Nxe3 Qxg3 49.Nf1 Qe5+  0-1

[Event "Gausdal Masters"]
[Site "Gausdal"]
[Date "1995.??.??"]
[Round "?"]
[White "Ostenstad, Berge"]
[Black "Djurhuus, Rune"]
[Result "0-1"]
[WhiteElo "2485"]
[BlackElo "2495"]

1.d4 Nf6 2.c4 g6 3.Nc3 Bg7 4.e4 d6 5.Nf3 O-O 6.Be2 e5 7.O-O Nc6 8.d5 Ne7
9.Ne1 Nd7 10.Be3 f5 11.f3 f4 12.Bf2 g5 13.a4 Ng6 14.a5 Rf7 15.c5 Nxc5 16.Bxc5 dxc5
17.Bc4 Kh8 18.a6 Rf6 19.axb7 Bxb7 20.Nd3 Bf8 21.Kh1 Bd6 22.Ra5 Bc8 23.Qa1 g4
24.fxg4 Bxg4 25.Rf2 Nf8 26.Ne1 Nd7 27.Be2 Bxe2 28.Rxe2 c4 29.Nf3 Rh6 30.Qa2 Nf6
31.Qxc4 Ng4 32.h3 Qe7 33.Nd1 Rg8 34.Rxa7 Nf6 35.Rc2 Qg7 36.Ra4 Qg3 37.Qf1 Rb8
38.Qf2 Qg6 39.Qe1 Nh5 40.Kh2 Nf6 41.Rac4 Ra8 42.Rc1 Rg8 43.R1c2 Ra8 44.Rc1 Rg8
45.R1c2 Qh5 46.Qf1 Rhg6 47.Kh1 Rg3 48.Re2 h6 49.Nh2 Qg6 50.Qf2 Nh5 51.Rd2 Rxh3
52.Kg1 Nf6 53.Qe2 Qg3  0-1

[Event "Gausdal Masters"]
[Site "Gausdal"]
[Date "1995.??.??"]
[Round "?"]
[White "Bjerke, Richard"]
[Black "Djurhuus, Rune"]
[Result "0-1"]
[WhiteElo "2265"]
[BlackElo "2495"]

1.d4 Nf6 2.c4 g6 3.Nc3 Bg7 4.e4 d6 5.Nf3 O-O 6.Be2 e5 7.O-O Nc6 8.d5 Ne7
9.Bg5 h6 10.Bxf6 Bxf6 11.b4 c6 12.dxc6 Nxc6 13.Rb1 Kh7 14.Qd2 Nd4 15.Nxd4 exd4
16.Nb5 Re8 17.Qf4 a6 18.Nxd6 g5 19.Qg3 Be5 20.Nxf7 Bxg3 21.Nxd8 Bc7 22.Nf7 Be6
23.Nxg5+ hxg5 24.Bd3 Be5 25.b5 a5 26.g3 Rf8 27.b6 Bd7 28.f3 Rac8 29.Kg2 Kg7
30.h4 gxh4 31.f4 Bb8 32.e5 Bc6+ 33.Kh3 hxg3 34.Kxg3 Kf7 35.Rg1 Rh8 36.Kg4 Rcg8+
37.Kf5 Rh5+ 38.Rg5 Bd7+ 39.Ke4 Rgxg5 40.fxg5 Rxg5 41.Kxd4 Bxe5+  0-1

[Event "Gausdal Int"]
[Site "Gausdal"]
[Date "1995.??.??"]
[Round "3"]
[White "Johansen, T."]
[Black "Kotronias, Vasilios"]
[Result "1/2-1/2"]
[WhiteElo "2285"]
[BlackElo "2570"]

1.d4 Nf6 2.c4 g6 3.Nc3 Bg7 4.e4 d6 5.Nf3 O-O 6.Be2 e5 7.O-O Nc6 8.d5 Ne7
9.Ne1 Ne8 10.Be3 f5 11.f3 f4 12.Bf2 h5 13.a4 g5 14.c5 Rf6 15.cxd6 Nxd6 16.Nb5 a6
17.Nxd6 cxd6 18.Rc1 Rg6 19.Qc2 g4 20.Qc7 Qe8 21.Bb6 Bf8 22.Qd8 Qxa4 23.Rc7 Kf7
24.Bf2 Qe8 25.Qxe8+ Kxe8 26.Nd3 Bg7 27.Rfc1 Bf6 28.Bb6 Bh4 29.b4 Rb8 30.Ba7 Ra8
31.Bb6 Rb8 32.Ba7  1/2-1/2

[Event "Arnold Cup"]
[Site "Gausdal"]
[Date "1995.??.??"]
[Round "3"]
[White "Gausel, Einar"]
[Black "Hennigan, Michael"]
[Result "1-0"]
[WhiteElo "2490"]
[BlackElo "2410"]

1.d4 Nf6 2.c4 g6 3.Nc3 Bg7 4.e4 d6 5.Be2 O-O 6.Nf3 e5 7.O-O Nc6 8.d5 Ne7
9.Nd2 Ne8 10.b4 f5 11.a4 Kh8 12.Ba3 Ng8 13.c5 Nh6 14.f3 f4 15.Nc4 g5 16.b5 Rf6
17.a5 dxc5 18.Bxc5 Rg6 19.h3 Nf7 20.b6 cxb6 21.axb6 a6 22.d6 h5 23.Nd5 g4
24.Ne7 Rh6 25.fxg4 hxg4 26.Bxg4 Bxg4 27.Qxg4 Nfxd6 28.Bxd6 Nxd6 29.Nxd6 Qxd6
30.Nf5 Qxb6+ 31.Kh1 Rh7 32.Rab1 Qc7 33.Rfd1 Qf7 34.Nd6 Qh5 35.Qxh5 Rxh5 36.Rxb7 Bf8
37.Nc4 Rh7 38.Rb2 Rc7 39.Nxe5 Bg7 40.Ng6+ Kh7 41.Rb6 Rf7 42.Nh4 a5 43.Nf3 Re7
44.Rb5 a4 45.Rd2 a3 46.Ra2 Rc7 47.e5 Kg6 48.Rb3 Rc1+ 49.Kh2 Bf8 50.Rb6+ Kf5
51.Re2 Be7 52.Nd4+ Kg5 53.Ne6+ Kf5 54.Ng7+ Kg5 55.Rf2 Rc4 56.g3 fxg3+ 57.Kxg3 Rc3+
58.Kg2 Rh8 59.Rf5+ Kh4 60.Rf4+  1-0

[Event "Peer Gynt"]
[Site "Gausdal"]
[Date "1995.??.??"]
[Round "4"]
[White "Halldorsson, Bragi"]
[Black "Djurhuus, Rune"]
[Result "0-1"]
[WhiteElo "2265"]
[BlackElo "2495"]

1.d4 Nf6 2.c4 g6 3.Nc3 Bg7 4.e4 d6 5.Be2 O-O 6.Nf3 e5 7.O-O Nc6 8.d5 Ne7
9.Ne1 Ne8 10.f3 f5 11.g4 Kh8 12.Nd3 Ng8 13.Kh1 Bh6 14.f4 Bg7 15.Be3 fxe4
16.Nxe4 exf4 17.Nxf4 Qe7 18.Qd3 Nef6 19.Ng5 Nxg4 20.Qxg6 Bf5 21.Nxh7 Qe4+
22.Bf3 Bxg6 23.Nxf8 Rxf8 24.Bxe4 Bxe4+ 25.Kg1 Nxe3 26.Rae1 Kh7 27.Rf2 Bd4
28.Ne6 Rxf2 29.Kxf2 Nc2+ 30.Nxd4 Nxe1 31.Kxe1 Nf6 32.Kd2 Ne8 33.b4 Kg6 34.a4 Kf6
35.b5 Ke5 36.Kc3 Bf5 37.a5 Bd7 38.Nc2 Nf6 39.Kb4 Bf5 40.Na3 b6  0-1

[Event "Gausdal Int"]
[Site "Gausdal"]
[Date "1995.??.??"]
[Round "6"]
[White "Ostenstad, Berge"]
[Black "Mossakowski, Florian"]
[Result "1-0"]
[WhiteElo "2485"]
[BlackElo "2220"]

1.d4 Nf6 2.c4 g6 3.Nc3 Bg7 4.e4 d6 5.Nf3 O-O 6.Be2 e5 7.O-O Nc6 8.d5 Ne7
9.Nd2 a5 10.Rb1 Nd7 11.a3 f5 12.b4 axb4 13.axb4 Kh8 14.f3 Ng8 15.Qc2 Bh6
16.c5 dxc5 17.bxc5 Be3+ 18.Kh1 Bxc5 19.Bb2 f4 20.Nb5 Bd6 21.Rfc1 Ra5 22.Bc3 Rxb5
23.Bxb5 Ngf6 24.Nc4 Qe7 25.Nxd6  1-0

[Event "Geneve op"]
[Site "Geneve"]
[Date "1995.??.??"]
[Round "5"]
[White "Fioramonti, Hung"]
[Black "Cvitan, Ognjen"]
[Result "0-1"]
[WhiteElo "2390"]
[BlackElo "2520"]

1.Nf3 Nf6 2.c4 g6 3.Nc3 Bg7 4.e4 d6 5.d4 O-O 6.Be2 e5 7.O-O Nc6 8.d5 Ne7
9.Ne1 Nd7 10.Nd3 f5 11.Bd2 Nf6 12.f3 f4 13.g4 g5 14.Be1 h5 15.h3 Ng6 16.Bf2 Rf7
17.a4 Bf8 18.Kg2 Be7 19.a5 Qf8 20.Nb5 Bd8 21.Nxa7 hxg4 22.hxg4 Bxg4 23.a6 bxa6
24.fxg4 Nxe4 25.Nc6 Nxf2 26.Nxf2 f3+ 27.Kg1 fxe2 28.Qxe2 Nf4 29.Qe4 Qh6 30.Ra3 Rh7
31.Re1 Qh2+ 32.Kf1 Bf6 33.Ree3 Rf8 34.Rg3 Bh8 35.Raf3 Rhf7 36.b3 Bg7 37.Nb4 Ng6
38.Rh3 Qxh3+ 39.Rxh3 Rxf2+ 40.Ke1 Rf1+ 41.Kd2 R8f2+ 42.Kc3 Re1 43.Re3 Rxe3+
44.Qxe3 e4+  0-1

[Event "GER-ch U17"]
[Site "?"]
[Date "1995.??.??"]
[Round "8"]
[White "Gustafsson, Jan"]
[Black "Gross, David"]
[Result "1/2-1/2"]
[WhiteElo "2185"]
[BlackElo "2425"]

1.d4 Nf6 2.Nf3 g6 3.c4 Bg7 4.Nc3 O-O 5.e4 d6 6.Be2 e5 7.O-O Nc6 8.Be3 Ng4
9.Bg5 f6 10.Bc1 f5 11.d5 Ne7 12.Ng5 Nf6 13.exf5 Nxf5 14.Nge4 Nxe4 15.Nxe4 h6
16.Bd3 Nd4 17.Be3 Nf5  1/2-1/2

[Event "GER-ch U20 qual1"]
[Site "?"]
[Date "1995.??.??"]
[Round "7"]
[White "Kitte, Sebastian"]
[Black "Enzmann, Steffen"]
[Result "1-0"]
[WhiteElo "2220"]
[BlackElo "2160"]

1.d4 Nf6 2.c4 g6 3.Nc3 Bg7 4.e4 d6 5.Nf3 O-O 6.Be2 e5 7.O-O Nc6 8.d5 Ne7
9.b4 Nh5 10.Re1 Nf4 11.Bxf4 exf4 12.Rc1 a5 13.a3 f5 14.Ng5 Kh8 15.Ne6 Bxe6
16.dxe6 fxe4 17.Nxe4 Nf5 18.Bf3 Re8 19.Nc3 axb4 20.axb4 Bxc3 21.Rxc3 Qf6
22.Rc1 Rxe6 23.Rxe6 Qxe6 24.Bxb7 Rb8 25.Bd5 Qe5 26.Qd2 Re8 27.Kf1 Nd4 28.Rd1 c5
29.b5 f3 30.Re1 Ne2 31.Bxf3 Qxh2 32.Qb2+ Re5 33.Qxe5+ dxe5 34.Kxe2 Qh4 35.Bd5 e4
36.b6 Qh5+ 37.Kd2 Qe5 38.b7 Qd4+ 39.Kc2 Qd3+ 40.Kb2 Qd2+ 41.Kb3 Qb4+ 42.Kc2 Qa4+
43.Kd2 Qa2+ 44.Ke3 Qb3+ 45.Kxe4 Kg7 46.Re3 Qb1+ 47.Kf3 h5 48.g3 h4 49.Re8  1-0

[Event "GER-ch U20 qual2"]
[Site "?"]
[Date "1995.??.??"]
[Round "3"]
[White "Buhr, Carl Christian"]
[Black "Kos, Sebastian"]
[Result "0-1"]
[WhiteElo "2180"]
[BlackElo "2195"]

1.d4 Nf6 2.c4 g6 3.Nc3 Bg7 4.e4 d6 5.Nf3 O-O 6.Be2 e5 7.O-O Nc6 8.d5 Ne7
9.b4 a5 10.Ba3 axb4 11.Bxb4 Nd7 12.a4 Bh6 13.Nd2 f5 14.Bf3 Nf6 15.c5 fxe4
16.Ndxe4 Nxe4 17.Bxe4 Nf5 18.Nb5 Rf6 19.Qd3 Bf8 20.cxd6 cxd6 21.Rfc1 Bd7
22.Nc7 Rxa4 23.Rxa4 Bxa4 24.Bd2 Rf7 25.Ne6 Qb8 26.g4 Nd4 27.Bxg6 hxg6 28.Qxg6+ Bg7
29.Bh6 Nxe6 30.dxe6 Re7 31.Rc3 Qe8 32.Qg5 Bc6 33.Rh3 Qf8 34.Kf1 Qf6 35.Qe3 Qxe6
36.Bg5 Qc4+ 37.Ke1 Qb4+  0-1